LEADER 00831nam0-22003011i-450- 001 990004075780403321 005 20060111113219.0 010 $a88-339-0411-3 035 $a000407578 035 $aFED01000407578 035 $a(Aleph)000407578FED01 035 $a000407578 100 $a19990604d1987----km-y0itay50------ba 101 0 $aita 105 $aa-------00-y- 200 1 $aDalla cellula alle società complesse 210 $aTorino$cBOllati Boringhieri$d1987 215 $a276 p.$cill.$d21 cm 225 1 $aSuperuniversale 676 $a576.8$v21$zita 700 1$aMorpurgo,$bGiorgio$025982 801 0$aIT$bUNINA$gRICA$2UNIMARC 901 $aBK 912 $a990004075780403321 952 $a576.8 MOR 1$bDDS.2030$fFLFBC 959 $aFLFBC 996 $aDalla cellula alle società complesse$9353781 997 $aUNINA LEADER 01508nam2-2200421---450 001 990006008940203316 005 20190912112720.0 010 $a978-2-7283-1063-0 035 $a000600894 035 $aUSA01000600894 035 $a(ALEPH)000600894USA01 035 $a000600894 100 $a20131022d1997----km-y0itay50------ba 101 0 $afre 102 $aIT 105 $a||||||||001yy 200 1 $aDes guerres en Italie avant les guerres d'Italie$eLes entreprises militaires françaises dans la Péninsule à l'époque du Grand Schisme d' Occident$fChristopher Masson$gpréface de Bernard Schnerb 210 $aRoma$cÉcole française de Rome$d1997 215 $aXI, 545 p.$d24 cm 225 2 $aCollection del l'École française de Rome$v472 410 0$a001996303750303316$12001$aCollection de l'École française de Rome$v472 606 0 $aScisma d'Occidente$z1378-1417$2BNCF 676 $a909.07 700 1$aMASSON,$bChristophe$0619908 702 1$aSCHNERB,$bBernard 801 0$aIT$bsalbc$gISBD 912 $a990006008940203316 951 $aX.1.B. 1595$b248590 L.M.$cX.1.B.$d366993 959 $aBK 969 $aUMA 969 $aFJBER 979 $aPASSARO$b90$c20150218$lUSA01$h1254 979 $aPASSARO$b90$c20150218$lUSA01$h1257 979 $aPASSARO$b90$c20150218$lUSA01$h1259 979 $aPASSARO$b90$c20150218$lUSA01$h1402 979 $aPASSARO$b90$c20150218$lUSA01$h1405 996 $aDes guerres en Italie avant les guerres d'Italie$91078983 997 $aUNISA